000 00858nab a2200253 u 4500
001 14916
003 HDC
007 cr bn ---aaaaa
008 210216b2017mmddmy d||no |||| 00| 0 may d
040 _aHDC
245 0 _aTujuh Pesawat, 600 Anggota Delegasi
_c/ 365 News
260 _aMalaysia:
_bIntelligent Earnings,
_c2017
300 _a1 online resource
336 _atext
_2rdacontent
337 _acomputer
_2rdamedia
338 _aonline resource
_2rdacarrier
650 _aInternational economic relations
_914322
651 _aMalaysia
_xForeign economic relations
_zSaudi Arabia
_915273
710 _a365 News
856 _zRequest full-text at [email protected]
942 _2lcc
942 _cNEWS
942 _kNWSO 003749
999 _c12232
_d12232